Statistics for 山手線の駅

Click here to take the quiz!

General Stats

  • This quiz has been taken 1,250 times
    (1,204 since last reset)
  • The average score is 25 of 30

Answers on the Map

Answers color-coded by a green-red scale on the quiz's map according to % correct below.
 

Answer Stats

% Correct
東京
97%
新宿
96%
渋谷
94%
池袋
91%
秋葉原
91%
上野
91%
品川
90%
原宿
86%
目黒
86%
日暮里
85%
神田
84%
高輪ゲートウェイ
84%
西日暮里
84%
代々木
81%
新橋
80%
目白
80%
高田馬場
80%
大崎
79%
御徒町
78%
有楽町
77%
恵比寿
77%
鶯谷
77%
浜松町
75%
新大久保
75%
田町
74%
田端
74%
巣鴨
74%
五反田
74%
大塚
72%
駒込
70%

Score Distribution

Percentile by Number Answered

Percent of People with Each Score

Your Score History

You have not taken this quiz since the last reset